Yüklüyor......
Pathology of the bovine udder
| Asıl Yazarlar: | , |
|---|---|
| Materyal Türü: | Ph.D Thesis |
| Dil: | Undetermined |
| Baskı/Yayın Bilgisi: |
College of Veterinary and Animal sciences
1970
Mannuthy |
| Edisyon: | MVSc |
| Konular: |
| LEADER | 00725nam a2200253Ia 4500 | ||
|---|---|---|---|
| 008 | 141122s9999 xx 000 0 und d | ||
| 040 | |c . | ||
| 041 | |a English | ||
| 082 | |a 616.07 | ||
| 082 | |b MAD/PA | ||
| 100 | |a CG Sivadas | ||
| 100 | |a P Madhusudanan Pillai | ||
| 245 | |a Pathology of the bovine udder | ||
| 245 | |c P Madhusudanan Pillai | ||
| 250 | |a MVSc | ||
| 260 | |b College of Veterinary and Animal sciences | ||
| 260 | |b Mannuthy | ||
| 260 | |c 1970 | ||
| 300 | |a 42 Pages | ||
| 500 | |a Reference | ||
| 650 | |a Pathology | ||
| 942 | |c TH | ||
| 999 | |c 9568 |d 9568 | ||
| 952 | |0 0 |1 0 |4 0 |6 616_070000000000000_MADPA |7 0 |9 9526 |a COVAS |b COVAS |d 0000-00-00 |o 616.07 MAD/PA |p TH40 |r 2014-11-26 |w 2014-11-26 |y TH | ||